Rice breeding (Record no. 23595)

MARC details
000 -LEADER
fixed length control field 00312nam a2200121Ia 4500
082 ## - DEWEY DECIMAL CLASSIFICATION NUMBER
Classification number 633.18:631.52
Item number CHA
245 #0 - TITLE STATEMENT
Title Rice breeding
260 ## - PUBLICATION, DISTRIBUTION, ETC. (IMPRINT)
Place of publication Philippines
Name of publisher International Rice Res Inst
Year of publication 1972
650 ## - SUBJECT ADDED ENTRY--TOPICAL TERM
Topical Term Rice breeding
700 ## - ADDED ENTRY--PERSONAL NAME
Personal name CHANG, T T
942 ## - ADDED ENTRY ELEMENTS (KOHA)
Koha item type Books
Holdings
Withdrawn status Lost status Damaged status Not for loan Home library Current library Date acquired Full call number Accession Number Koha item type
        RRII Library RRII Library 16/12/2021 633.18:631.52 CHA 04293 Books